000 01097nam a2200277 a 4500
001 ebr10439464
003 CaPaEBR
006 m u
007 cr cn|||||||||
008 110128s2009 enka s 000 0 eng d
020 _z9781849280105
020 _z9781849280112 (e-book)
040 _aCaPaEBR
_cCaPaEBR
035 _a(OCoLC)609854791
050 1 4 _aHF5548.37
_b.B53 2009eb
100 1 _aBlackwell, Clive.
245 1 4 _aThe insider threat
_h[electronic resource] :
_bcombatting the enemy within /
_cClive Blackwell.
260 _aEly, U.K. :
_bIT Governance Pub.,
_c2009.
300 _a64 p. :
_bcol. ill.
533 _aElectronic reproduction.
_bPalo Alto, Calif. :
_cebrary,
_d2011.
_nAvailable via World Wide Web.
_nAccess may be limited to ebrary affiliated libraries.
650 0 _aBusiness
_xData processing
_xSecurity measures
_xPlanning.
650 0 _aData protection.
655 7 _aElectronic books.
_2local
710 2 _aebrary, Inc.
856 4 0 _uhttp://site.ebrary.com/lib/rucke/Doc?id=10439464
_zAn electronic book accessible through the World Wide Web; click to view
999 _c133839
_d133839